Los santos del infierno = The Boondock Saints /

Enregistré dans:
Détails bibliographiques
Auteur principal: Duffy, Troy (realización)
Autres auteurs: Duffy, Troy (guión) (guión), Kane, Adam (fotógrafo) (fotógrafo), DeRonde, Bill (montaje) (montaje), Danna, Jeff (música) (música), Dafoe, Willem (actuación) (actuación), Flanery, Sean Patrick (actuación) (actuación), Reedus, Norman (actuación) (actuación), Duffy, Troy (comentarios) (comentarios), Connolly, Billy (comentarios) (comentarios)
Format: Diapositive
Langue:anglais
Publié: EUA : Franchise Pictures , 1999, c1999
Sujets:
Tags: Ajouter un tag
Pas de tags, Soyez le premier à ajouter un tag!

MARC

LEADER 00000ngm^a2200000^a^4500
001 000277656
005 20250521000000.0
009 20260526134400.15
037 |a Acervo ITESO - Biblioteca 
041 |a ING 
082 |a 810.  |b DUF V. 1 
100 |a Duffy, Troy  |e (realización) 
240 1 4 |a [El quinto infierno] 
240 1 5 |a [The Boondock Saints] 
245 1 4 |a Los santos del infierno =  |b The Boondock Saints /  |c Realización de T. Duffy. 
246 2 |a Título en México: El quinto infierno [DVD] 
264 4 |a EUA :  |b Franchise Pictures ,  |c 1999, c1999 
264 2 |a Los Angeles, EUA :  |b Twentieth Century Fox [distribución],  |c 2006, c2006 
300 |a 1 DVD región 1  |c (108 min.) 
336 |a imagen móvil bidimensional  |b tdi  |2 rdacontenido 
337 |a video  |b v  |2 rdamedio 
338 |a videodisco  |b vd  |2 rdasoporte 
649 |a XX 
650 |a Películas Policíacas 
650 |a Opera Prima 
650 |a Cine Norteamericano -  |y 1990-1999 
650 |a Cine Norteamericano -  |y Siglo XX 
650 |a Cine Independiente -  |z EUA 
650 |a Irlandeses en Boston, EUA 
650 |a Irlandeses en EUA 
650 |a Mafia 
650 |a Crimen Organizado 
650 |a Investigación del Delito 
650 |a Justicia e Injusticia 
650 |a Catolicismo 
650 |a Cristianismo 
650 |a Religión 
650 |a Bien y Mal 
700 |a Duffy, Troy  |e (guión) 
700 |a Kane, Adam  |e (fotógrafo) 
700 |a DeRonde, Bill  |e (montaje) 
700 |a Danna, Jeff  |e (música) 
700 |a Dafoe, Willem  |e (actuación) 
700 |a Flanery, Sean Patrick  |e (actuación) 
700 |a Reedus, Norman  |e (actuación) 
700 |a Duffy, Troy  |e (comentarios) 
700 |a Connolly, Billy  |e (comentarios) 
910 |a Fondo General 
920 |a Audiovisuales - DVDs 
940 |a Películas 
905 |a 302 
901 |a 0500160330  |b IT2  |c DVS  |u 20250521 
902 |a https://opac.biblio.iteso.mx/vufind/Record/000277656